ঢ়
ক্ষ
ড়
ঢ়
য়
র-ফলা‌‌‌
 
 
য-ফলা
ি
 
 
রেফ
 
 
 
যুক্ত করুন/হসন্ত
Space
Enter

How humans evolved / (Record no. 4936)

000 -LEADER
fixed length control field 00659nam a2200241 4500
001 - CONTROL NUMBER
control field 3836
003 - CONTROL NUMBER IDENTIFIER
control field BD-DhUAP
005 - DATE AND TIME OF LATEST TRANSACTION
control field 20201124152617.0
008 - FIXED-LENGTH DATA ELEMENTS--GENERAL INFORMATION
fixed length control field 201124s1997 nyua|||| b||| 00| 0 eng d
020 ## - INTERNATIONAL STANDARD BOOK NUMBER
International Standard Book Number 0393970760
040 ## - CATALOGING SOURCE
Original cataloging agency BD-DhUAP
Language of cataloging Eng
Transcribing agency BD-DhUAP
Modifying agency BD-DhUAP
082 ## - DEWEY DECIMAL CLASSIFICATION NUMBER
Edition number 23
Classification number 599.938 BOY
100 ## - MAIN ENTRY--PERSONAL NAME
Personal name Boyd, Robert.
245 ## - TITLE STATEMENT
Title How humans evolved /
Statement of responsibility, etc. Robert Boyd and Joan B. Silk.
250 ## - EDITION STATEMENT
Edition statement 1st ed.
260 ## - PUBLICATION, DISTRIBUTION, ETC.
Place of publication, distribution, etc. New York :
Name of publisher, distributor, etc. W.W. Norton,
Date of publication, distribution, etc. c1997.
300 ## - PHYSICAL DESCRIPTION
Extent xxiv, 674 pages :
Other physical details illustrations ;
Dimensions 26 cm.
500 ## - GENERAL NOTE
General note Includes index.
650 ## - SUBJECT ADDED ENTRY--TOPICAL TERM
Topical term or geographic name entry element Human evolution.
650 ## - SUBJECT ADDED ENTRY--TOPICAL TERM
Topical term or geographic name entry element Evolution.
700 ## - ADDED ENTRY--PERSONAL NAME
Personal name Silk, Joan B.
942 ## - ADDED ENTRY ELEMENTS (KOHA)
Source of classification or shelving scheme
Koha item type Book
Holdings
Withdrawn status Lost status Source of classification or shelving scheme Damaged status Not for loan Permanent Location Current Location Shelving location Date acquired Full call number Barcode Date last seen Copy number Price effective from Koha item type
          UAP Central Library UAP Central Library General Stacks 2020-11-24 599.938 BOY 3010003836 2020-11-24 1 2020-11-24 Book
          UAP Central Library UAP Central Library General Stacks 2020-11-24 599.938 BOY 3010003835 2020-11-24 2 2020-11-24 Book

All rights reserved © UAP Central Library,
University of Asia Pacific.